| 000 | 01237cam a2200301 4500 | ||
|---|---|---|---|
| 008 | 021111n2002 000 0 eng u | ||
| 020 | _a0415260906 | ||
| 035 | _a(Sirsi) u120403 | ||
| 050 |
_a338.47624 _c21 |
||
| 245 | _aBuilding chaos : an international comparison of deregulation in the construction industry | ||
| 260 |
_aLondon _bRoutledge _c2002 |
||
| 300 |
_axv,240p. _c24cm. |
||
| 350 | _a60 | ||
| 490 | _aRoutledge Studies in Business Organisations and Networks | ||
| 520 | _aContrasts the highly regulated construction industries of Denmark, Germany and the Netherlands with the deregulated industries of the Republic of Korea, the United Kingdom and the United States in an attempt to establish how construction projects can be completed safely, on time and on budget. The construction industries of Australia, Quebec and Spain, which fall between the two extreme, are also discussed. | ||
| 650 | _aAUSTRALIA | ||
| 650 | _aDENMARK | ||
| 650 | _aGERMANY | ||
| 650 | _aNETHERLANDS | ||
| 650 | _aQUEBEC | ||
| 650 | _aREPUBLIC OF KOREA | ||
| 650 | _aSPAIN | ||
| 650 | _aUNITED STATES | ||
| 690 | _aBUILT ENVIRONMENT | ||
| 700 |
_aBosch, Gerhard _xEditor |
||
| 700 |
_aPhilips, Peter _xEditor |
||
| 942 | _n0 | ||
| 999 |
_c102516 _d102516 |
||